00575nam a22000977a 4500040000800000082002800008100005000036245034100086260002600427300002400453 cRUA aDVM SEN 2025 B707 Or.1 aSENG SREYKIN, សេង ស្រីគីន aAntibody titer of canine rabies in krang svay commune, preah sdach district, prey veng province. កម្រិតអង់ទីករនៃជំងឺឆ្កែឆ្កួតលើសុនខក្នុងឃុំក្រាំងស្វាយ ស្រុកព្រះស្ដេច ខេត្តព្រៃវែង aPHNOM PENHbRUAc2025 ax,60p.bill.c29cm.